Experiencias de colonización en la Amazonía brasileña /

Guardado en:
書目詳細資料
主要作者: Vilches M., José Mario
格式: Texto
出版: San José :
標簽: 添加標簽
沒有標簽, 成為第一個標記此記錄!

MARC

LEADER 00000 a a2200000 04500
001 15693
003
040
090 |a 014300  
100 |a Vilches M., José Mario  
245 |a Experiencias de colonización en la Amazonía brasileña /  |c José Mario Vilches M. 
260 |a San José :  
300 |a 7 p  
999 |c 12129  |d 12129